000 00233 a2200097 4500
001 42278
100 _aNicholson B E
245 _aThe Oxford Book of Garden Flowers
260 _a
_bOxford University Press
_c
090 _c26247
_d26247
942 _aNUST-CAE
_cM
_c18055
999 _c277351
_d277351